| 000 | 01024nab a2200301 4500 | ||
|---|---|---|---|
| 003 | BR-BrBNA | ||
| 005 | 20241114120635.0 | ||
| 008 | 241114b bl.||||| |||| 00| 0 por d | ||
| 040 |
_aBR-BrBNA _bpor |
||
| 072 | _aE70 ; Q04 ; E16 | ||
| 100 | _aGeraldini, Fernanda | ||
| 100 | _aSilveira, Juliana | ||
| 245 | _aSupermercados: é viável ser fornecedor deste supercliente? | ||
| 500 | _a13 illus.; 1 table | ||
| 520 | _aSUPERMERCADO | ||
| 520 | _aREGULARIDADE NO FORNECIMENTO DE PRODUTO AGROPECUÁRIO | ||
| 520 | _aPRODUTO HORTIFRUTÍCOLA | ||
| 520 | _aFORNECEDOR | ||
| 650 | _aMERCADO VAREJISTA | ||
| 650 | _aPRODUTOR | ||
| 650 | _aQUALIDADE DO ALIMENTO | ||
| 650 | _aSEGURANÇA ALIMENTAR | ||
| 650 | _aOFERTA DE PRODUTO | ||
| 650 | _aPREÇO | ||
| 773 | 0 |
_04115 _9345469 _dPiracicaba-SP Centro de Estudos Avançados em Economia Aplicada-CEPEA/USP/ESALQ 2002 _o2024-6021 _tHortifruti Brasil (Brazil) _x1981-1837 _gv. 9(94) p. 8-18; (Sep 2010) _wBR2024003376 |
|
| 942 | _cANA | ||
| 999 |
_c328649 _d328649 |
||